00329nam a22001097a 4500003000400000020001800004082001400022100005400036245005800090260006300148300000800211SGT a9789390625468 a920bD21N aनिर्मलेंदु, कुमार  aदिनकर:एक पुनर्विचार bलोकभारती पेपरबैक्सc2021 a368